Farmer first revisited : (Record no. 341)

MARC details
000 -LEADER
fixed length control field 00632nam a2200181Ia 4500
020 ## - INTERNATIONAL STANDARD BOOK NUMBER
ISBN 9781853396823
050 ## - CALL NUMBER
Classification number S542.3
100 ## - AUTHOR
Personal name Scoones, Ian (Ed)
245 00 - TITLE
Title Farmer first revisited :
Remainder of title innovation for agricultural research and development /
Statement of responsibility, etc edited by Ian Scoones and John Thompson ; with a foreword by Robert Chambers.
260 ## - PUBLICATION INFORMATION
Place of publication Rugby :
Name of publisher Practical Action Publishing,
Year of publication 2009.
300 ## - DESCRIPTION
Number of Pages xxv, 355 p. ;
Dimensions 24 cm.
500 ## - NOTES
General note INCLUDES BIBLIOGRAPHIC REFERENCE AND INDEX
650 #0 - SUBJECTS
Topical Term Agriculture
General subdivision Research
650 #0 - SUBJECTS
Topical Term Agricultural innovations
700 1# - OTHER AUTHORS
Personal name Scoones, Ian.
700 1# - OTHER AUTHORS
Personal name Thompson, John.
942 ## - ADDED ENTRY ELEMENTS (KOHA)
Koha item type Books
Holdings
Withdrawn status Lost status Home library Current library Date acquired Full call number Accession Number Koha item type
    Methodist University Library Wenchi Faculty Methodist University Library Wenchi Faculty 20/10/2017 S542.3 22895 Books
    Methodist University Library Wenchi Faculty Methodist University Library Wenchi Faculty 20/10/2017 S542.3 22896 Books
    Methodist University Library Wenchi Faculty Methodist University Library Wenchi Faculty 09/07/2019 S542.3 33499 Books
Copyright © 2026  MUG Library